| 000 | 00836cam a22002893a 4500 | ||
|---|---|---|---|
| 001 | 6652 | ||
| 003 | PGUSA | ||
| 005 | 20140828083135.0 | ||
| 008 | 041001s2004||||xxu|||||s|||||000 p eng d | ||
| 040 |
_aPGUSA _beng |
||
| 042 | _adc | ||
| 050 | 4 | _aPR | |
| 245 | 1 | 4 |
_aThe Humorous Poetry of the English Language; from Chaucer to Saxe _h[electronic resource] |
| 260 |
_bProject Gutenberg, _c2004 |
||
| 506 | _aPublic domain in the USA. | ||
| 516 | _aElectronic text | ||
| 653 | _aHumorous poetry, American | ||
| 653 | _aHumorous poetry, English | ||
| 653 | _aAmerican wit and humor | ||
| 653 | _aAmerican poetry | ||
| 653 | _aEnglish poetry | ||
| 653 | _aEnglish wit and humor | ||
| 700 | 1 |
_aParton, James, _d1822-1891 |
|
| 830 | 0 |
_aProject Gutenberg _v6652 |
|
| 856 | 4 | 0 | _uhttp://www.gutenberg.org/ebooks/6652 |
| 942 | _cEB | ||
| 999 |
_c235972 _d235972 |
||